Životné minimum od 1.7.2016

Čo je životné minimum. Životné minimum jednotlivca a dvojice. Vývoj životného minima od roku 2009. Výška životného minima v r. 2016. Podmienky nároku na predčasný dôchodok. Minimálny dôchodok. Nezdaniteľné časti základu dane.

Enregistré dans:
Détails bibliographiques
Auteur principal: Paliderová, Martina
Format: Chapitre de livre
Langue:slovaque
Sujets:
Tags: Ajouter un tag
Pas de tags, Soyez le premier à ajouter un tag!

MARC

LEADER 00000naa a2200000 4500
001 0221618
005 20231109105824.9
041 0 |a slo 
044 |a SK 
245 1 0 |a Životné minimum od 1.7.2016  |c Martina Paliderová 
520 |a Čo je životné minimum. Životné minimum jednotlivca a dvojice. Vývoj životného minima od roku 2009. Výška životného minima v r. 2016. Podmienky nároku na predčasný dôchodok. Minimálny dôchodok. Nezdaniteľné časti základu dane. 
610 2 0 |a minimum existenčné 
610 2 0 |a osoby fyzické 
610 2 0 |a dôchodky starobné 
610 2 0 |a základ dane 
610 2 0 |a exekúcia 
610 2 0 |a legislatíva 
100 1 |a Paliderová, Martina